| 000 | 01491nam a2200337 c 4500 | ||
|---|---|---|---|
| 999 |
_c84976 _d84976 |
||
| 003 | BLK | ||
| 005 | 20220307170028.0 | ||
| 008 | 180408b bul|||||r ||||||| ||bul|| | ||
| 010 | _aKNG00089571000 | ||
| 020 | _a978-954-655-011-8 | ||
| 040 | _aBLK | ||
| 041 |
_aBUL _cBUL |
||
| 080 |
_aАнглоканадска литература _b821.111(71) _x-312.9 _z821.111(71)-312.9 |
||
| 100 | 1 |
_aЕриксън, Стивън _eпърви автор _9266611 |
|
| 139 |
_aЕриксън, Стивън _bЕ 77 |
||
| 245 | 1 | 0 |
_aМалазанска книга на мъртвите: Сказание 8 _bСказание 1 - _cСтивън Ериксън; прев. Валерий Русинов. _nСказание 8 _pДан на хрътките |
| 257 | _aCAN | ||
| 260 | _c2004 - | ||
| 300 | _c21 см | ||
| 380 | _aX | ||
| 500 | _aОриг. загл. A Tale of the Malazan Book of the Fallen / Steven Erikson. - Офс. изд. | ||
| 653 | _aфантастика | ||
| 653 | _aромани | ||
| 700 | 1 |
_aРусинов, Валерий _eпрев. _9365206 |
|
| 760 | 1 |
_aЕриксън, Стивън _dБард, 2009 _h1040 с. : с к. _nОриг. загл. Toll the Hounds / Steven Erikson. _tСказание 8 Дан на хрътките |
|
| 852 | _aЦб 222046 | ||
| 856 | 4 | _qpdf | |
| 856 | 4 | _qpdf | |
| 942 |
_cKNG _n0 _02 |
||
| 944 |
_aCR _c21.05.2009 _lф / _kМилена_Ачева |
||
| 944 |
_aED _c14.03.2017 _lф / _kВиолета_Тройчева |
||
| 999 | _d84976 | ||